Detalles MARC
| 000 -LÍDER |
| Campo fijo de descripción fija |
01403nam a22003257a 4500 |
| 001 - NÚMERO DE CONTROL |
| Campo de control |
19573 |
| 003 - IDENTIFICADOR DEL NÚMERO DE CONTROL |
| Campo de control |
CO-MdFUSB |
| 005 - FECHA Y HORA DE LA ULTIMA TRANSACCIÓN |
| control field |
20240531062742.0 |
| 008 - ELEMENTOS DE LONGITUD FIJA -- INFORMACIÓN GENERAL |
| Campo fijo de descripción fija -- Información general |
171120s1971 xxu||||| |||| 00| 0 eng d |
| 020 ## - NÚMERO INTERNACIONAL NORMALIZADO PARA LIBROS |
| Número Internacional Normalizado del libro |
281-02350-6 |
| 040 ## - FUENTE DE CATALOGACIÓN |
| Agencia de catalogación original |
CO-MdFUSB |
| Idioma de catalogación |
spa |
| Agencia que realiza la transcripción |
CO-MdFUSB |
| Agencia que realiza la modificación |
CO-MdFUSBC |
| Convenciones de la descripción |
rda |
| 041 ## - CÓDIGO DE IDIOMA |
| Código de idioma para texto/pista de sonido o título separado |
eng |
| 082 04 - NÚMERO DE CLASIFICACIÓN DECIMAL DEWEY |
| Número de clasificación |
G 226.307 S4136g |
| 100 1# - ASIENTO PRINCIPAL--NOMBRE PERSONAL |
| Nombre personal |
Schweizer, Eduard |
| Término relacionador |
autor |
| 245 14 - TÍTULO |
| Título del Material |
The good news according to Mark |
| Parte restante del título - Subtitulo |
: A commentary on the gospel |
| Mención de responsabilidad, etc. |
/ Eduard Schweizer ; Translated by Donald H. Madvig |
| 264 #1 - PRODUCCIÓN, PUBLICACIÓN, DISTRIBUCIÓN, MANUFACTURA, Y COPYRIGHT |
| Lugar de producción, publicación, distribución, manufactura |
London : |
| Nombre del productor, publicador, distribuidor |
SPCK, |
| Fecha de producción, publicación, distribución, manufactura, o copyright |
[1971] |
| 300 ## - DESCRIPCIÓN FÍSICA |
| Extensión |
396 páginas |
| 336 ## - TIPO DE CONTENIDO |
| Fuente |
rdacontent |
| Término de tipo de contenido |
texto |
| Código de tipo de contenido |
txt |
| 337 ## - TIPO DE MEDIO |
| Fuente |
rdamedia |
| Nombre del tipo de medio |
sin mediación |
| Código del tipo de medio |
n |
| 338 ## - TIPO DE SOPORTE |
| Fuente |
rdacarrier |
| Nombre del tipo de soporte |
volumen |
| Código Tipo de soporte |
nc |
| 500 ## - NOTA GENERAL |
| Nota General |
Título original en alemán: Das Evangelium nach Markus \ Incluye índices (p. 387-396) |
| 501 ## - NOTA DE “CON” |
| Nota de Contenido |
Pasta dura |
| 505 00 - NOTA DE CONTENIDO |
| Nota de contenido con formato preestablecido |
Los inicios - La autoridad de Jesús y la ceguera de los fariseos - El ministerio de Jesús en parábolas y milagros y la ceguera del mundo - El ministerio de Jesús a los gentiles y la ceguera de sus discípulos - La revelación franca de Jesús y el significado de discipulado - La pasión y la resurrección del Hijo del Hombre - El logro teológico de Marcos |
| 650 #7 - ASIENTO SECUNDARIO DE MATERIA - TERMINO TEMÁTICO |
| Término temático o nombre geográfico como elemento de entrada |
Cristianismo |
| Fuente del encabezamiento o término |
|
| 9 (RLIN) |
22 |
| 653 ## - TÉRMINO DE INDIZACIÓN - NO CONTROLADO |
| Término no controlado |
Biblia N.T. - Exégesis |
| 653 ## - TÉRMINO DE INDIZACIÓN - NO CONTROLADO |
| Término no controlado |
Biblia - Nuevo Testamento |
| 653 ## - TÉRMINO DE INDIZACIÓN - NO CONTROLADO |
| Término no controlado |
Jesús - Vida y enseñanzas |
| 653 ## - TÉRMINO DE INDIZACIÓN - NO CONTROLADO |
| Término no controlado |
Evangelios |
| 942 ## - TIPO DE MATERIAL (KOHA) |
| Tipo de Item KOHA |
Libros General |